Statistiques concernant Cités mayas

Cliquez ici pour prendre le quiz!

Statistiques générales

  • Ce quiz a été pris 15 fois
  • Le résultat moyen est 4 sur 12

Statistiques - réponses

Réponse% Correct
Chichén Itza
85%
Palenque
69%
Tikal
69%
Uxmal
54%
Kalakmul
38%
Bonampak
15%
Copan
15%
Mayapan
15%
Caracol
8%
Izapa
8%
Quirigua
8%
Yaxchilan
8%

Distribution des résultats

Percentile par nombre de réponses

% des personnes avec chaque résultat

Votre développement - résultats

Vous n’avez pas pris ce quiz